| 000 | 00821nam a22002177a 4500 | ||
|---|---|---|---|
| 001 | 6122 | ||
| 003 | FISKH | ||
| 005 | 20250516152432.0 | ||
| 008 | 250317b cb ||||| |||| 00| 0 eng d | ||
| 040 |
_aFISKH _bKhmer _cFISKH _dFISKH |
||
| 050 | _aPZ7 | ||
| 082 | _a800 | ||
| 100 | _aAnonymous / ក្រុមជំនុំទំនៀមទម្លាប់ខ្មែរ | ||
| 245 |
_aប្រជុំរឿងព្រេងខ្មែរ : _bភាគ ៧ / _cដោយ ក្រុមជំនុំទំនៀមទម្លាប់ខ្មែរ |
||
| 260 |
_aPhnom Penh : _bMinistry of education, youth and sport ; |
||
| 300 |
_a85 pages : _billustrations ; _c20 cm . |
||
| 650 | _aរឿងព្រេងខ្មែរ | ||
| 650 | _aKhmer Folktale | ||
| 942 |
_2ddc _cBK _n0 |
||
| 999 |
_c6122 _d6122 |
||